| 000 | 00457cam a2200181ua 4500 | ||
|---|---|---|---|
| 020 | _c17.00 | ||
| 041 |
_aeng _h |
||
| 082 |
_a591.1 _bRAM/PH |
||
| 100 | _aRamsay, J.A . | ||
| 245 |
_aPhysiological approach to the lower animals / _cJ.A.Ramsay. _hTextual Documents |
||
| 250 |
_a1 / _b. |
||
| 260 |
_a : _bCambridge at the University Press , _c1962. |
||
| 300 | _a148 ; . | ||
| 365 | _a17.00 | ||
| 504 | _a | ||
| 942 | _cBK | ||
| 999 |
_c2198 _d2198 |
||